Historic buildings of pioneer Anaheim /

Bibliographic Details
Main Author: Friis, Leo J.
Format: Book
Language:English
Published: Santa Ana, Calif. : Friis-Pioneer Press, 1979.
Edition:1st ed.
Subjects:

MARC

Tag First Indicator Second Indicator Subfields
LEADER 00000cam a2200000 a 4500
001 in00000085104
005 20151008055744.0
008 800213s1979 cauaf b 00110 engm
010 |a  77090656  
020 |c $7.50 
035 |a (OCoLC)05984309 
035 |9 AAJ4295AM 
040 |a DLC  |c DLC  |d m.c.  |d TXA  |d UtOrBLW 
043 |a n-us-ca 
049 |a TXAM  |c [1502384] 
050 0 0 |a F869.A53  |b F68 
082 0 |a 979.4/96 
100 1 |a Friis, Leo J. 
245 1 0 |a Historic buildings of pioneer Anaheim /  |c by Leo J. Friis. 
250 |a 1st ed. 
264 1 |a Santa Ana, Calif. :  |b Friis-Pioneer Press,  |c 1979. 
300 |a 119 pages, 16 unnumbered pages of plates :  |b illustrations ;  |c 22 cm. 
336 |a text  |b txt  |2 rdacontent 
337 |a unmediated  |b n  |2 rdamedia 
338 |a volume  |b nc  |2 rdacarrier 
504 |a Includes bibliographical references and index. 
650 0 |a Historic buildings  |z California  |z Anaheim. 
650 0 |a Buildings  |z California  |z Anaheim. 
651 0 |a Anaheim (Calif.)  |x History. 
999 |a MARS 
999 f f |s 2c786fa3-9038-3221-87c4-2a76079429c9  |i c14c6f49-200b-3e08-b4dc-a0dea18026b1  |t 0 
952 f f |p ric  |a Texas A&M University  |b Rellis Campus  |c Joint Library Facility  |d Remote Storage  |t 0  |e F869.A53 F68  |h Library of Congress classification  |i unmediated -- volume  |m A14806110614 
998 f f |a F869.A53 F68  |t 0  |l Remote Storage